Nhà nước cách mạng kiểu mới ở Việt Nam (1945 - 2005)
Trình bày về con đường dẫn tới thắng lợi của Nhà nước Cách mạng tháng Tám, thiết lập Nhà nước Cách mạng kiểu mới ở Việt Nam và các thời kỳ xây dựng và phát triển của Nhà nước gắn liền với tiến trình Cách mạng của Đảng và dân t...
Αποθηκεύτηκε σε:
| Κύριος συγγραφέας: | |
|---|---|
| Μορφή: | Βιβλίο |
| Γλώσσα: | Undetermined |
| Έκδοση: |
Hà Nội
Chính trị Quốc gia
2007
|
| Θέματα: | |
| Ετικέτες: |
Προσθήκη ετικέτας
Δεν υπάρχουν, Καταχωρήστε ετικέτα πρώτοι!
|
| Thư viện lưu trữ: | Trung tâm Học liệu Trường Đại học Cần Thơ |
|---|
| LEADER | 01255nam a2200217Ia 4500 | ||
|---|---|---|---|
| 001 | CTU_173839 | ||
| 008 | 210402s9999 xx 000 0 und d | ||
| 020 | |c 50000 | ||
| 082 | |a 321.009597 | ||
| 082 | |b Ph506 | ||
| 100 | |a Nguyễn, Trọng Phúc | ||
| 245 | 0 | |a Nhà nước cách mạng kiểu mới ở Việt Nam (1945 - 2005) | |
| 245 | 0 | |c Nguyễn Trọng Phúc chủ biên | |
| 260 | |a Hà Nội | ||
| 260 | |b Chính trị Quốc gia | ||
| 260 | |c 2007 | ||
| 520 | |a Trình bày về con đường dẫn tới thắng lợi của Nhà nước Cách mạng tháng Tám, thiết lập Nhà nước Cách mạng kiểu mới ở Việt Nam và các thời kỳ xây dựng và phát triển của Nhà nước gắn liền với tiến trình Cách mạng của Đảng và dân tộc. Phân tích một số chuyên đề bước đầu góp phần làm rõ một số vấn đề về xây dựng và bảo vệ Nhà nước. | ||
| 650 | |a Goverment,Chính quyền | ||
| 650 | |z Vietnam,Việt Nam | ||
| 904 | |i Nguyễn Trung Hiếu, Hải | ||
| 980 | |a Trung tâm Học liệu Trường Đại học Cần Thơ | ||